000 00938nam a2200265 i 4500
001 bg
100 1 _aWALICA, Henryk
245 1 0 _aZarządzanie kapitałem w przedsiębiorstwie :
_bwykorzystanie i powiększanie majątku trwałego /
_cHenryk Walica.
260 _aDąbrowa Górnicza :
_bWyższa Szkoła Biznesu,
_c1999.
300 _a319 s. :
_bwykr. ;
_c24 cm.
500 _aNa okł. podtyt.: wykorzystywanie i powiększanie majątku trwałego.
504 _aBibliogr. s. 311-314, akty normatywne s. 315.
650 9 _aKapitał
650 9 _aPrzedsiębiorstwo
_xfinanse
650 9 _aŚrodki trwałe
_xgospodarka
655 _aPodręczniki akademickie
020 _a8390913658
040 _cBPK
041 0 _apl
080 _a658.14/.17:658.2](075.8)
920 _a83-909136-5-8
942 _cKS
008 s pl f |000 0 pol
999 _c41774
_d41774
856 _uhttp://koha.tu.koszalin.pl/cgi-bin/koha/opac-detail.pl?biblionumber=41774
_yKatalog online BPK